|
|
|
|
| LEADER |
00000nam2a2200000 4500 |
| 001 |
340165 |
| 005 |
20231102005218.0 |
| 010 |
|
|
|a 9785913047632
|
| 035 |
|
|
|a (RuTPU)RU\TPU\book\366759
|
| 090 |
|
|
|a 340165
|
| 100 |
|
|
|a 20180222d2018 m y0rusy50 ca
|
| 101 |
0 |
|
|a rus
|
| 102 |
|
|
|a RU
|
| 105 |
|
|
|a a j 001zy
|
| 200 |
0 |
|
|a Кн. 1 : Фундаментальные основы и понятия
|
| 210 |
|
|
|d 2018
|
| 215 |
|
|
|a 394 с.
|c ил.
|
| 320 |
|
|
|a Библиогр. в конце гл.
|
| 330 |
|
|
|a Учебник охватывает тематику лекций первой половины курса "Физическая и теоретическая кристаллохимия", читаемого авторами магистрантам специализации "кристаллография и кристаллохимия" Геологического факультета МГУ. Подробно освещен очерк истории кристаллохимии, включая самые последние достижения науки на стыке XX и XXI веков. Систематически разобраны современные способы и методы кристал-лохимического описания атомного строения кристалла, многие из которых не затрагивались в предыдущих изданиях. Разобрана теория плотнейших шаровых упаковок; полиэдрический подход к представлению кристаллических структур рассмотрен как в традиционном представлении, так и в анион-центрированном аспекте. Выделен раздел, касающийся топологии кристаллической структуры. Отдельная глава просвещена непосредственно атому как объекту кристаллохимического анализа. На современном уровне рассмотрены вопросы, касающиеся энергии межатомного взаимодействия и химической связи в кристалле. Отдельная глава знакомит читателей с новыми, оригинальными вопросами, поставленными перед кристаллохимией в последние годы. Главы сопровождаются вопросами для самоконтроля, упражнениями и актуальным списком первоисточников, ознакомление с которыми позволит читателю в полном объеме усвоить предлагаемый материал.
|
| 461 |
|
1 |
|0 (RuTPU)RU\TPU\book\288148
|t Неорганическая кристаллохимия
|o учебное пособие
|f Н. Н. Еремин, Т. А. Еремина
|g Московский государственный университет им. М. В. Ломоносова, Геологический факультет, Кафедра кристаллографии и кристаллохимии
|v Кн. 1 : Фундаментальные основы и понятия
|d 2018
|
| 606 |
1 |
|
|a Кристаллохимия неорганическая
|2 stltpush
|3 (RuTPU)RU\TPU\subj\16347
|9 42440
|
| 610 |
1 |
|
|a учебные пособия
|
| 610 |
1 |
|
|a история
|
| 610 |
1 |
|
|a кристаллографическая симметрия
|
| 610 |
1 |
|
|a кристаллохимический анализ
|
| 610 |
1 |
|
|a кристаллические структуры
|
| 610 |
1 |
|
|a атомы
|
| 610 |
1 |
|
|a кристаллы
|
| 610 |
1 |
|
|a межатомные взаимодействия
|
| 610 |
1 |
|
|a энергия
|
| 610 |
1 |
|
|a химическая связь
|
| 610 |
1 |
|
|a математические основы
|
| 610 |
1 |
|
|a термины
|
| 675 |
|
|
|a 548.3(075.8)
|v 4
|
| 801 |
|
1 |
|a RU
|b 63413507
|c 20180222
|
| 801 |
|
2 |
|a RU
|b 63413507
|c 20191219
|g RCR
|
| 942 |
|
|
|c BK
|
| 959 |
|
|
|a 3/20180221
|d 1
|e 2200,00
|f ЧЗТЛ:1
|